01377nam a2200193 a 4500999001300000020002800013020003000041082001700071100004800088245008000136260002300216300001300239490004000252520067500292650003200967856007000999942000801069952010601077 c359d359 a0895733080 (Hard cover) a9780895733085 (Hardcover) a543.0877 TWO1 a(ed, William R. & Robert M. K. Carlson.96610aTwo-dimensional NMR Spectroscopy :Applications for Chemists and Biochemists aTexasbVCH,c1987. a511 p. ;1 aMethods in stereochemical analysis. aAn internationally known chemist takes the reader on a tour of the fantastic and incredible world of the molecule. Written in everyday language and illustrated throughout, the book describes the concepts that govern the structure, motions, and transformations of molecules, the basic building blocks of all matter and life. The author demystifies modern chemistry for the general reader. He has intentionally refrained from using purely scientific terms, choosing instead equivalent expressions from ordinary language. The book is a translation of the original French edition, "Molecule la Merveilleuse", which won the Glaxo prize for the best popularization of science. achemistryabiochemistry96740uhttp://www.amazon.com/exec/obidos/ASIN/0895733080/chopaconline-20 cREF 0010708NFICaICbICcGENd2015-03-04l0o543.0877 TWOp003893r2015-09-28 00:00:00w2015-03-04yREF